000 00292nam a2200121Ia 4500
008 190216s9999||||xx |||||||||||||| ||und||
100 _aSreesaran
245 0 _aHindi-Mitti Kutti Ka Kam Aur Uske Sidanth
260 _bJanayan Prakashan
_c2003
300 _a24
650 _aHindi
942 _cBK
999 _c16723
_d16723